Best Player from Countries - Statistics

General Stats
  • This quiz has been taken 27 times
  • The average score is 18 of 25
Answer Stats
Country Position Answer % Correct
Portugal LW/ST Cristiano Ronaldo
100%
Brazil (2nd) ST Ronaldo Nazario
100%
Argentina RW/CF Lionel Messi
96%
Spain (2nd) CM Andres Iniesta
92%
Argentina (2nd) CAM Diego Maradona
88%
Brazil CF Pele
84%
Germany (2nd) ST Gerd Muller
80%
France CAM/CM Zinedine Zidane
80%
Northern Ireland RW George Best
76%
Belgium CM Kevin De Bruyne
76%
Uruguay ST Luis Suarez
76%
Croatia CM Luka Modric
76%
Belgium (2nd) LW Eden Hazard
72%
Germany CB Franz Beckenbauer
72%
Italy LB/CB Paolo Maldini
72%
Ivory Coast ST Didier Drogba
68%
Hungary ST Ferenc Puskas
68%
Netherlands CF/CAM Johan Cruyff
68%
USSR/Russia GK Lev Yashin
68%
Cameroon ST Samuel Eto'o
64%
England CB Bobby Moore
48%
Nigeria CAM Jay-Jay Okocha
48%
Ghana CM Michael Essien
44%
Spain CM Xavi Hernandez
40%
India ST Sunil Chhetri
12%
No matching quizzes found
Score Distribution
Percent of People with Each Score
Percentile by Number Answered
Your Score History
You have not taken this quiz